=LDR 00000nam 2200000 4500 =001 INLIS000000000037343 =005 20130612143057 =008 ***********************************Ind** =035 ##$$0010-061300000037343 =041 ##$$a Ind =082 ##$$a 613.043 =090 ##$$a 623.043, Har s =100 ##$$a Harjomarsono, Boediman =245 ##$$a Stopping the clock, Jurus tetap bugar dan bahagia di masa lansia, Boediman Hardjomarsono =260 ##$$a 2011 $b Jakarta =300 ##$$a xxviii,239 hlm., ilus, 21 cm =650 ##$$a Usia Lanjut - Kesehatan Dan KEBERSIHAN =850 ##$$a NBPNMAT